Pays champions ou vice-champions du monde - Mort Subite - Statistiques

Statistiques générales
  • Ce quiz a été pris 322 fois
  • Le résultat moyen est 8 sur 13
Answers on the Grid
Answers color-coded by a green-red scale on the quiz's grid according to % correct below.
Brésil
Argentine
Allemagne
Italie
Angleterre
France
Uruguay
Espagne
Pays-Bas
Hongrie
Suède
Tchéquoslovaquie
Croatie
Russie
Pologne
Belgique
Portugal
Autriche
URSS
Chili
Yougoslavie
Turquie
USA
Bulgarie
 
Statistiques - réponses
Réponse % Correct
Argentine
77%
Brésil
77%
France
74%
Italie
74%
Allemagne
72%
Espagne
72%
Uruguay
70%
Angleterre
68%
Pays-Bas
66%
Croatie
63%
Suède
29%
Hongrie
25%
Tchéquoslovaquie
25%
Aucun quiz correspondant
Distribution des résultats
% des personnes avec chaque résultat
Percentile par nombre de réponses
Votre historique - résultats
Vous n’avez pas pris ce quiz